Separácia zmesi alkánu a aromátu v prítomnosti iónovej kvapaliny

Na minha lista:
Detalhes bibliográficos
Autor principal: Bočkorik, Alexej (Author)
Outros Autores: Graczová, Elena (Thesis advisor)
Formato: Manuscrito Livro
Idioma:eslovaco
Publicado em: 2025
Assuntos:
Acesso em linha:http://is.stuba.sk/zp/portal_zp.pl?podrobnosti=176101
Tags: Adicionar Tag
Sem tags, seja o primeiro a adicionar uma tag!

MARC

LEADER 00000ntm a22000003a 4500
001 stuzp104662
003 SK-STU
005 20250628211842.5
007 ta
008 150427s2015----xo-----f-mn---000-0-slo-d
040 |a STU  |b slo 
041 0 |a slo 
100 1 |a Bočkorik, Alexej  |u 046230  |4 aut  |U FCHPT Ústav chemického a environmentálneho inžinierstva  |T FCHPT Oddelenie chemického a biochemického inžinierstva  |X 121418  |U C6230  |Y 119  |7 121418 
242 0 1 |a Separation of the alkane–aromatic mixture in the presence of an ionic liquid  |y eng 
245 1 0 |a Separácia zmesi alkánu a aromátu v prítomnosti iónovej kvapaliny 
260 |c 2025 
650 4 |a iónové kvapaliny  |2 slo 
650 4 |a separácia  |2 slo 
650 4 |a benzén  |2 slo 
650 4 |a metylcyklohexán  |2 slo 
650 4 |a benzene  |2 eng 
650 4 |a methylcyclohexane  |2 eng 
650 4 |a ionic liquids  |2 eng 
650 4 |a separation  |2 eng 
700 1 |a Graczová, Elena  |u 046230  |k Z1  |4 ths  |U FCHPT Ústav chemického a environmentálneho inžinierstva  |T FCHPT Oddelenie chemického a biochemického inžinierstva  |X 3339  |U C6230  |Y 119  |7 A000003339 
856 4 |u http://is.stuba.sk/zp/portal_zp.pl?podrobnosti=176101